EXAMPREPARATORY MANUAL FOR UG PHARMACOLOGY (Record no. 33551)

MARC details
000 -LEADER
fixed length control field 00416nam a22001697a 4500
003 - CONTROL NUMBER IDENTIFIER
control field SGT
020 ## - INTERNATIONAL STANDARD BOOK NUMBER
International Standard Book Number 9789356966338
082 ## - DEWEY DECIMAL CLASSIFICATION NUMBER
Classification number 615
Item number E26U
100 ## - MAIN ENTRY--PERSONAL NAME
Personal name UDAYKUMAR , PADMAJA
245 ## - TITLE STATEMENT
Title EXAMPREPARATORY MANUAL FOR UG PHARMACOLOGY
250 ## - EDITION STATEMENT
Edition statement 3RD
260 ## - PUBLICATION, DISTRIBUTION, ETC. (IMPRINT)
Place of publication, distribution, etc INDIA
Name of publisher, distributor, etc JAYPEE PUB
Year of Publication 2026
300 ## - PAGE DESCRIPTION
No. of Pages 594
650 ## - SUBJECT ADDED ENTRY--TOPICAL TERM
Topical term or geographic name as entry element PHARMACOLOGY
653 ## - KEYWORDS--INDEX TERM
Keyword term EXAMPREPARATORY MANUAL FOR UG PHARMACOLOGY
942 ## - ADDED ENTRY ELEMENTS (KOHA)
Source of classification or shelving scheme Dewey Decimal Classification
Koha item type Books
Holdings
Withdrawn status Lost status Source of classification or shelving scheme Damaged status Not for loan Collection code Home library Current library Shelving location Date acquired Vendor Name Cost, normal purchase price SGTU Bill Number Full call number Accession No. (Barcode) Date last seen Bill Date Koha item type Total Checkouts Date last borrowed Checked out
    Dewey Decimal Classification   Not For Loan MEDICAL SGT Medical Library SGT Medical Library Reference Book 29/11/2025 ABC DELHI 850.00 SGTU 22053 615 E26U FM15971 27/01/2026 29/11/2025 Books      
    Dewey Decimal Classification     MEDICAL SGT Medical Library SGT Medical Library Text Book 29/11/2025 ABC DELHI 850.00 SGTU 22053 615 E26U FM15972 27/04/2026 29/11/2025 Books 1 15/04/2026  
    Dewey Decimal Classification     MEDICAL SGT Medical Library SGT Medical Library Text Book 29/11/2025 ABC DELHI 850.00 SGTU 22053 615 E26U FM15973 03/06/2026 29/11/2025 Books 2 27/05/2026  
    Dewey Decimal Classification     MEDICAL SGT Medical Library SGT Medical Library Text Book 29/11/2025 ABC DELHI 850.00 SGTU 22053 615 E26U FM15974 21/05/2026 29/11/2025 Books 7 21/05/2026 04/06/2026
    Dewey Decimal Classification     MEDICAL SGT Medical Library SGT Medical Library Text Book 29/11/2025 ABC DELHI 850.00 SGTU 22053 615 E26U FM15975 26/05/2026 29/11/2025 Books 3 17/04/2026